000 00293 a2200121 4500
999 _c321840
_d321840
001 86767
003 NUST
005 20180123115247.0
008 180123b xxu||||| |||| 00| 0 eng d
082 _a615.5 GED
100 _aGeddes, Grosset
_99612
245 _aGuide to Natural Healing
_hEnglish
260 _aPolland
_bGeddes & Grosset
_c2003
300 _a480p.
942 _aCAE NUST
_cBK
_k615.5 GED
_2ddc